| 000 | 00936cam a22003258a 4500 | ||
|---|---|---|---|
| 001 | 14444067 | ||
| 003 | OSt | ||
| 005 | 20170322181755.0 | ||
| 008 | 060710s2007 stk b 001 0 eng | ||
| 010 | _a 2006045095 | ||
| 020 | _a9780443101083 | ||
| 020 | _a0443101086 | ||
| 020 | _a9780443101076 | ||
| 035 | _a(DNLM)101281969 | ||
| 040 |
_aDNLM/DLC _cDLC |
||
| 042 | _apcc | ||
| 050 | 0 | 0 |
_aRS200 _b.P435 2007 |
| 060 | 1 | 0 |
_aQV 785 _bP5366 2007 |
| 082 | 0 | 0 |
_aQV 704 A51m 2007 _222 |
| 100 |
_aEdited by Michael E. Aulton. _99611 |
||
| 245 | 0 | 0 | _aAulton's Pharmaceutics :the design and manufacture of medicines |
| 250 | _a3rd ed. | ||
| 260 |
_aEdinburgh ; _bChurchill Livingstone, _c2007. |
||
| 300 | _ax,717p; col.ill: 25cm | ||
| 504 | _aIncludes bibliographical references and index. | ||
| 650 | 0 |
_aDrugs _91560 |
|
| 650 | 0 |
_aPharmaceutics _91566 |
|
| 906 |
_a7 _bcbc _corignew _d1 _eocip _f20 _gy-gencatlg |
||
| 942 |
_2z _cSLOAN |
||
| 999 |
_c606 _d606 |
||